000 00284nmm a2200097Ia 4500
008 220120s9999||||xx |||||||||||||||||und||
020 _a0-07-052929
100 _aDigit
245 0 _aFebruary 2011 : multimedia sony vegas pro game demos, 3d dev
260 _aNine dot nine interactive ltd.
999 _c139651
_d139651